Data analysis using SQL in business: retail sector insights / (Record no. 234590)

MARC details
000 -LEADER
fixed length control field 00573nam a22001697a 4500
003 - CONTROL NUMBER IDENTIFIER
control field OSt
005 - DATE AND TIME OF LATEST TRANSACTION
control field 20250710105042.0
008 - FIXED-LENGTH DATA ELEMENTS--GENERAL INFORMATION
fixed length control field 250708b |||||||| |||| 00| 0 eng d
040 ## - CATALOGING SOURCE
Transcribing agency AIMIT LIBRARY
100 ## - MAIN ENTRY--PERSONAL NAME
Personal name S B, Jahnavi.
Relator term 222109
9 (RLIN) 217757
245 ## - TITLE STATEMENT
Title Data analysis using SQL in business: retail sector insights /
Statement of responsibility, etc. By Jahnavi S B.
260 ## - PUBLICATION, DISTRIBUTION, ETC.
Place of publication, distribution, etc. Mangalore ;
Date of publication, distribution, etc. 2024.
700 ## - ADDED ENTRY--PERSONAL NAME
Personal name Pinto, Jeevan.
Relator term Mentor
9 (RLIN) 217758
700 ## - ADDED ENTRY--PERSONAL NAME
Personal name Augustine, Rahul.
Relator term Guide
9 (RLIN) 217759
856 ## - ELECTRONIC LOCATION AND ACCESS
Materials specified Reliance Retails Ltd, IBC Knowledge Park Bangalore.
Uniform Resource Identifier <a href="relianceretail.com/">relianceretail.com/</a>
942 ## - ADDED ENTRY ELEMENTS (KOHA)
Source of classification or shelving scheme Dewey Decimal Classification
Koha item type Project Report
Holdings
Withdrawn status Lost status Source of classification or shelving scheme Damaged status Not for loan Collection code Home library Current library Date acquired Total Checkouts Barcode Date last seen Copy number Uniform Resource Identifier Price effective from Koha item type
    Dewey Decimal Classification   Not for loan Project Report M.Sc. Data Science St Aloysius Institute of Management & Information Technology St Aloysius Institute of Management & Information Technology 02/01/2024   PDS00009 07/08/2025 222109 https://relianceretail.com/ 07/08/2025 Project Report